ბათუმის შოთა რუსთაველის სახელმწიფო უნივერსიტეტის ბიბლიოთეკა

აზრები (ბიბ.ჩანაწერი № 51389)

000 -LEADER
fixed length control field 00710nam a2200229Ia 4500
001 - CONTROL NUMBER
control field 18374
003 - CONTROL NUMBER IDENTIFIER
control field GE_BSU
008 - FIXED-LENGTH DATA ELEMENTS--GENERAL INFORMATION
fixed length control field 181216s||||||||xx |||||||||||||| ||und||
020 ## - INTERNATIONAL STANDARD BOOK NUMBER
International Standard Book Number 978-9941-445-67-5
040 ## - CATALOGING SOURCE
Transcribing agency GE_BSU
080 ## - UNIVERSAL DECIMAL CLASSIFICATION NUMBER
Universal Decimal Classification number 821.133.1-84
100 ## - MAIN ENTRY--PERSONAL NAME
Personal name ვალერი, პ. (პოლ, 1871-1945)
245 ## - TITLE STATEMENT
Title აზრები
245 ## - TITLE STATEMENT
Statement of responsibility, etc. ფრანგ. თარგმნა ბაჩანა ბრეგვაძემ ; რედ. ირმა ჩინჩალაძე
260 ## - PUBLICATION, DISTRIBUTION, ETC.
Place of publication, distribution, etc. თბილისი
260 ## - PUBLICATION, DISTRIBUTION, ETC.
Name of publisher, distributor, etc. არტანუჯი
260 ## - PUBLICATION, DISTRIBUTION, ETC.
Date of publication, distribution, etc. 2015
300 ## - PHYSICAL DESCRIPTION
Extent 236 გვ. ; 20 სმ.
653 ## - INDEX TERM--UNCONTROLLED
Uncontrolled term აზრები
942 ## - ADDED ENTRY ELEMENTS (KOHA)
Koha item type წიგნი
ეგზემპლარები
Withdrawn status Lost status Damaged status Not for loan Date acquired Barcode Date last seen Price effective from Koha item type
        2018-12-17 47036 2018-12-17 2018-12-17 წიგნი
        2018-12-17 47037 2018-12-17 2018-12-17 წიგნი